[Event "FSGM March"]
[Site "Budapest HUN"]
[Date "2003.03.02"]
[Round "2"]
[White "Szeberenyi,A"]
[Black "Hoang Thanh Trang"]
[Result "1/2-1/2"]
[WhiteElo "2392"]
[BlackElo "2445"]

1.d4 e6 2.Nf3 Nf6 3.c4 b6 4.a3 Ba6 5.Qc2 Bb7 6.Nc3 c5 7.e4 cxd4 8.Nxd4 d6
9.Bg5 Be7 10.O-O-O Nbd7 11.Ndb5 Qb8 12.Bd3 O-O 13.Kb1 a6 14.Nd4 Qc7 15.f4 Nc5
16.Rhe1 Nxd3 17.Qxd3 Rfd8 18.f5 Ng4 19.Qg3 Bxg5 20.Qxg4 Bf6 21.fxe6 Qxc4
22.exf7+ Qxf7 23.Rf1 Rac8 24.Nd5 Bxd5 25.exd5 Rc4 26.Rf4 Qg6+ 27.Qxg6  1/2-1/2

[Event "FSGM March"]
[Site "Budapest HUN"]
[Date "2003.03.04"]
[Round "4"]
[White "Farago,I"]
[Black "Hoang Thanh Trang"]
[Result "1/2-1/2"]
[WhiteElo "2483"]
[BlackElo "2445"]

1.d4 e6 2.c4 Nf6 3.Nf3 b6 4.a3 Ba6 5.Qc2 Bb7 6.Nc3 c5 7.e4 cxd4 8.Nxd4 Bc5
9.Nb3 Nc6 10.Bg5 h6 11.Bh4 Nd4 12.Nxd4 Bxd4 13.Bd3 Qb8 14.Ne2 Be5 15.Bg3 O-O
16.O-O  1/2-1/2

[Event "X Anibal Open"]
[Site "Linares ESP"]
[Date "2003.03.05"]
[Round "6"]
[White "Riazantsev,A"]
[Black "Korobov,A"]
[Result "1/2-1/2"]
[WhiteElo "2538"]
[BlackElo "2509"]

1.d4 Nf6 2.c4 e6 3.Nf3 b6 4.a3 Bb7 5.Nc3 d5 6.Qc2 Be7 7.cxd5 exd5 8.g3 O-O
9.Bg2 Nbd7 10.O-O c5 11.Bf4 Rc8 12.Qb3 cxd4 13.Nxd4 Nc5 14.Qa2 Nce4 15.Nxe4 Nxe4
16.Rad1 Qd7 17.Qb3 f5 18.Be5 Bc5 19.Nb5 Kh8 20.Nc3  1/2-1/2

[Event "FSGM March"]
[Site "Budapest HUN"]
[Date "2003.03.11"]
[Round "11"]
[White "Farago,I"]
[Black "Horvath,Cs"]
[Result "1/2-1/2"]
[WhiteElo "2483"]
[BlackElo "2506"]

1.d4 Nf6 2.c4 e6 3.Nf3 b6 4.a3 Bb7 5.Nc3 d5 6.cxd5 exd5 7.Bf4 Bd6 8.Bxd6 Qxd6
9.e3 O-O 10.Bd3 Nbd7 11.O-O Rfe8 12.Rc1 a6  1/2-1/2

[Event "Jch-RUS g20"]
[Site "Essentuki RUS"]
[Date "2003.03.13"]
[Round "11"]
[White "Kariakina,M"]
[Black "Zainullina,N"]
[Result "1-0"]
[WhiteElo "2171"]
[BlackElo "2176"]

1.d4 Nf6 2.c4 e6 3.Nf3 b6 4.a3 Bb7 5.Nc3 d5 6.cxd5 Nxd5 7.Qc2 c5 8.e4 Nxc3
9.bxc3 Qc7 10.Bb5+ Bc6 11.Bxc6+ Nxc6 12.d5 Nd8 13.Qa4+ Qd7 14.Qxd7+ Kxd7
15.Ne5+ Ke8 16.O-O f6 17.Nc4 b5 18.Na5 exd5 19.exd5 Bd6 20.a4 a6 21.axb5 axb5
22.Be3 Kd7 23.Rfb1 Be5 24.Rxb5 Bxc3 25.Ra4 Bxa5 26.Rbxa5 Rxa5 27.Rxa5 c4
28.Bf4 Nf7 29.Ra7+ Ke8 30.d6 c3 31.d7+ Kd8 32.Be3 Ke7 33.d8=Q+ Kxd8 34.Rxf7 Re8
35.Ra7 Re6 36.Kf1 c2 37.Ra1  1-0

[Event "TCh-FIN 2002-3"]
[Site "Finland FIN"]
[Date "2003.03.16"]
[Round "9"]
[White "Kanko,I"]
[Black "Tiitta,S"]
[Result "1/2-1/2"]
[WhiteElo "2263"]
[BlackElo "2256"]

1.d4 Nf6 2.c4 e6 3.Nf3 b6 4.a3 Bb7 5.Nc3 Be7 6.Qc2 c5 7.e4 cxd4 8.Nxd4 Nc6
9.Nxc6 Bxc6 10.Bf4 d6 11.O-O-O Qc7 12.Be2 Rc8 13.Bg3 e5 14.f4 O-O 15.Kb1 Rfe8
16.Qd3 a6 17.Nd5 Bxd5 18.cxd5 exf4 19.Bxf4 Nd7 20.Bg4 Nc5 21.Qc2 Rb8 22.b4 Bf6
23.e5 dxe5 24.Bg3 Qd8 25.bxc5 bxc5+ 26.Ka2 Re7 27.Qc4 Reb7 28.Rb1 Qa5 29.Qc2 c4
30.Rxb7 Rxb7 31.Rb1 Rxb1 32.Kxb1 Qxd5 33.Bf3 Qb5+ 34.Kc1 Bg5+ 35.Kd1 g6 36.h4 Be3
37.a4 Qc5 38.Qe4 Bd4 39.Qa8+ Kg7 40.Qd5 Qb4 41.Bxe5+ Bxe5 42.Qxe5+ f6 43.Qc7+ Kh6
44.Ke2 Qb2+ 45.Kf1 Qc1+ 46.Kf2 Qd2+ 47.Kg3 Qe1+ 48.Kh3 c3 49.Qf4+ Kg7 50.Qc7+ Kh6
51.Qf4+  1/2-1/2

[Event "19th Spring Fest"]
[Site "Budapest HUN"]
[Date "2003.03.20"]
[Round "7"]
[White "Goczo,M"]
[Black "Berczes,D"]
[Result "0-1"]
[WhiteElo "2222"]
[BlackElo "2261"]

1.d4 Nf6 2.Nf3 e6 3.c4 b6 4.a3 Ba6 5.Qc2 Bb7 6.Nc3 c5 7.e4 cxd4 8.Nxd4 d6
9.Be2 Nbd7 10.O-O a6 11.Be3 Qc7 12.Rac1 Be7 13.f3 Rc8 14.b4 Qb8 15.Qb3 O-O
16.Rfd1 Rfe8 17.Bf1 Bd8 18.Bf2 Bc7 19.g3 Qa8 20.Nc2 g5 21.h3 h5 22.g4 hxg4
23.hxg4 Ne5 24.Bg2 Nfd7 25.Nd4 Nf8 26.Be3 Bd8 27.Nce2 Be7 28.Ng3 Rc7 29.Rc2 Rec8
30.Rdc1 Qb8 31.Nge2 Nfg6 32.Bf2 Ba8 33.Be3 Bb7 34.Bf2 Qa8 35.Be3 Nh4 36.Ng3 Bd8
37.Bh1 d5 38.exd5 exd5 39.c5 bxc5 40.bxc5 Rb8 41.Qa4 Nc4 42.Bf2 Bf6 43.Re2 Ng6
44.Nh5 Be5 45.Rb1 Rbc8 46.Nf5 Bc6 47.Qb3 Rb7 48.Qd3 Rxb1+ 49.Qxb1 Rb8 50.Qc1 f6
51.Bd4 Rf8 52.Bxe5 Ncxe5 53.Rxe5 Nxe5 54.Nxf6+ Rxf6 55.Qxg5+ Rg6 56.Ne7+ Kf7
57.Qxe5 Re6 58.Qh5+ Kxe7 59.Qh7+ Kd8 60.g5 Qb7 61.Qh8+ Be8  0-1

[Event "Spring Festival IM"]
[Site "Bucharest ROM"]
[Date "2003.03.21"]
[Round "2"]
[White "Voiteanu,G"]
[Black "Sebe,R"]
[Result "1/2-1/2"]
[WhiteElo "2252"]
[BlackElo "2244"]

1.d4 Nf6 2.c4 e6 3.Nf3 b6 4.a3 Bb7 5.Nc3 d5 6.cxd5 exd5 7.g3 Be7 8.Bg2 O-O
9.O-O Nbd7 10.Bf4 c5 11.Rc1 Ne4 12.Nxe4 dxe4 13.Nd2 cxd4 14.Nxe4 Nc5 15.Nxc5 Bxg2
16.Kxg2 bxc5 17.Qd3 Rc8 18.Rc4  1/2-1/2

[Event "17th Masters"]
[Site "Clichy FRA"]
[Date "2003.03.23"]
[Round "2"]
[White "Le Roux,JP"]
[Black "Verat,L"]
[Result "1-0"]
[WhiteElo "2364"]
[BlackElo "2353"]

1.d4 Nf6 2.Nf3 e6 3.c4 b6 4.a3 Bb7 5.Nc3 d5 6.Bg5 Be7 7.e3 O-O 8.Rc1 c5 9.cxd5 Nxd5
10.Bxe7 Qxe7 11.dxc5 bxc5 12.Bd3 Rd8 13.Nxd5 Bxd5 14.Qc2 h6 15.Be2 Qb7 16.Nd2 Nd7
17.e4 Bc6 18.O-O Rab8 19.b3 Nf6 20.f3 Be8 21.Rfd1 Nd7 22.Qc3 Qb6 23.Kf1 Qc7
24.g3 Qe5 25.Qa5 Qh5 26.Kg2 e5 27.Nc4 Qg5 28.Qc3 Qe7 29.Ne3 Nf6 30.Bc4 Bc6
31.Nf5 Qc7 32.Qe3 Bb5 33.Rxd8+ Qxd8 34.Qxc5 Qd2+ 35.Kh3 Bxc4 36.Qxc4 Rd8
37.Ne7+ Kh7 38.Nc6 Rd3 39.Nxe5 Rd4 40.Qc2 Qg5 41.Nc4 g6 42.Rd1 Rxd1 43.Qxd1 Qh5+
44.Kg2 Nxe4 45.Qd7 Kg7 46.Qxa7 Qd5 47.Qe3 Nf6 48.Qe5 Qc6 49.Nd6 g5 50.Nf5+ Kh7
51.Nd4 Qa6 52.g4 Kg6 53.a4 h5 54.Qb5 Qd6 55.Qd3+  1-0

[Event "National I"]
[Site "Besancon FRA"]
[Date "2003.04.06"]
[Round "6"]
[White "Tkachiev,V"]
[Black "Pelletier,Y"]
[Result "1-0"]
[WhiteElo "2643"]
[BlackElo "2623"]

1.d4 Nf6 2.c4 e6 3.Nf3 b6 4.a3 Bb7 5.Nc3 d5 6.Qc2 dxc4 7.Bg5 a6 8.e4 b5 9.d5 Be7
10.dxe6 fxe6 11.Rd1 Qc8 12.a4 Nbd7 13.axb5 axb5 14.Nd4 b4 15.Bxc4 bxc3 16.Nxe6 Bxe4
17.Nxg7+ Kf8 18.Ne6+ Ke8 19.Qxc3 Rb8 20.O-O Rg8 21.f3 Bf5 22.Bf4 Rg6 23.Nxc7+ Kf8
24.Ba6 Qd8 25.Bd3 Bxd3 26.Ne6+ Ke8 27.Nxd8 Bxf1 28.Bxb8 Bxg2 29.Bg3 Bxf3
30.Qxf3 Bxd8 31.Kh1  1-0

[Event "FSGM April"]
[Site "Budapest HUN"]
[Date "2003.04.09"]
[Round "5"]
[White "Jakobsen,O"]
[Black "Farago,I"]
[Result "1/2-1/2"]
[WhiteElo "2376"]
[BlackElo "2477"]

1.d4 Nf6 2.c4 e6 3.Nf3 b6 4.a3 Ba6 5.e3 d5 6.Nbd2 Be7 7.b3 O-O 8.Bb2 c5 9.Bd3 cxd4
10.exd4 Nc6 11.O-O Rc8 12.Rc1 Re8 13.Re1  1/2-1/2

[Event "FSGM April"]
[Site "Budapest HUN"]
[Date "2003.04.11"]
[Round "7"]
[White "Jakobsen,O"]
[Black "Aagaard,J"]
[Result "1-0"]
[WhiteElo "2376"]
[BlackElo "2343"]

1.d4 Nf6 2.c4 e6 3.Nf3 b6 4.a3 c5 5.d5 Ba6 6.e3 exd5 7.cxd5 Bxf1 8.Kxf1 g6
9.Nc3 Bg7 10.g3 O-O 11.Kg2 Re8 12.Qd3 d6 13.Rb1 Nbd7 14.b3 a6 15.a4 Ng4 16.Bb2 c4
17.bxc4 Rc8 18.Qe2 Nge5 19.Nd2 Nc5 20.Ba1 f5 21.Qd1 Ncd3 22.h3 g5 23.Ne2 h5
24.Nd4 f4 25.exf4 gxf4 26.Qxh5 fxg3 27.fxg3 b5 28.Rhf1 bxc4 29.Ne4 Qa5 30.Ng5 Qd2+
31.Kh1 Nf2+ 32.Rxf2  1-0

[Event "IM"]
[Site "Evry FRA"]
[Date "2003.04.12"]
[Round "3"]
[White "Amigues,E"]
[Black "Barletta,D"]
[Result "1/2-1/2"]
[WhiteElo "2275"]
[BlackElo "2214"]

1.d4 Nf6 2.Nf3 e6 3.c4 b6 4.a3 Ba6 5.e3 c5 6.Nbd2 Bb7 7.Bd3 Nc6 8.b3 cxd4
9.exd4 d5 10.Bb2 Be7 11.O-O O-O 12.Re1 Rc8 13.Rc1 Re8 14.Nf1 Bd6 15.Ne5 Ne4
16.cxd5 exd5 17.f3 Nxe5 18.dxe5 Bc5+ 19.Ne3 Qg5 20.Qe2 d4 21.Bxe4 Bxe4 22.fxe4 Qxe3+
23.Qxe3 dxe3 24.b4 Be7 25.Rxc8 Rxc8 26.Rxe3 Rc2 27.Bd4 Kf8 28.Rc3 Rxc3 29.Bxc3 b5
30.Kf2 Ke8 31.e6 fxe6 32.Bxg7 Kd7 33.Bd4 a6 34.g4 Bg5 35.Bb2 Bf4 36.h4 e5
37.g5 Ke6 38.Kf3 h5 39.gxh6 Bxh6 40.Kg4 Kf6 41.Kh5 Bd2 42.Kg4 Bf4 43.Kf3 Kg6
44.Kg4 Kf6 45.Bc3 Bc1 46.h5 Bxa3 47.Bd2 Bb2 48.Bg5+ Kg7 49.Bd2 Kf6 50.Bg5+ Kg7
51.Bd2  1/2-1/2

[Event "ch-POLJ u20 w"]
[Site "Jarnoltowek POL"]
[Date "2003.04.12"]
[Round "8"]
[White "Worek,J"]
[Black "Majdan,J"]
[Result "1-0"]
[WhiteElo "2263"]
[BlackElo "2170"]

1.d4 Nf6 2.c4 e6 3.Nf3 b6 4.a3 Bb7 5.Nc3 d5 6.cxd5 Nxd5 7.e3 Nd7 8.Bd3 c5
9.O-O cxd4 10.exd4 Bd6 11.Ne4 Be7 12.Ne5 O-O 13.Kh1 N5f6 14.Nc3 Rc8 15.f4 Nd5
16.Bd2 N7f6 17.Qe2 Nxc3 18.bxc3 Qd5 19.Rfe1 g6 20.Qf2 b5 21.a4 bxa4 22.Rxa4 Qb3
23.Ra5 Qb6 24.c4 Rb8 25.Rb5 Qc7 26.Ba5 Qc8 27.Reb1 a6 28.R5b3 Bd6 29.Qh4 Nh5
30.Bd2 Ba8 31.Be2 Bxe5 32.fxe5 Rxb3 33.Rxb3 Qc6 34.Qf2 Ng7 35.Bh6 Qa4 36.Rb1 Be4
37.Rf1 Qc2 38.Kg1 a5 39.Bc1 a4 40.Ba3 Nf5 41.Bxf8 Kxf8 42.g4 Nh6 43.Bf3 Qxf2+
44.Rxf2 Bd3 45.c5 a3 46.Ra2  1-0

[Event "FSIMA April"]
[Site "Budapest HUN"]
[Date "2003.04.13"]
[Round "9"]
[White "Galyas,M"]
[Black "Broomfield,M"]
[Result "1/2-1/2"]
[WhiteElo "2413"]
[BlackElo "2255"]

1.d4 Nf6 2.c4 e6 3.Nf3 b6 4.a3 Ba6 5.Qc2 Bb7 6.Nc3 c5 7.dxc5 Bxc5 8.Bg5 h6
9.Bh4 Be7 10.Rd1 d6 11.e4 Nbd7 12.Be2 a6 13.e5 dxe5 14.Nxe5 Qc7 15.Nxd7 Nxd7
16.Bg3 Qc6 17.Bf3 Qc8 18.Bxb7 Qxb7 19.O-O O-O 20.Qe4 Qxe4 21.Nxe4 Nf6 22.Nxf6+ Bxf6
23.b3 b5 24.c5 Bb2 25.b4 Bxa3 26.Rb1 a5 27.bxa5 Rxa5 28.c6 Ra6 29.c7 Bd6
30.Rfd1 Bxg3 31.hxg3 Rc6 32.Rd7 Kh7 33.Rxb5 Rc8 34.Rxf7  1/2-1/2

[Event "ch-Kaissa Club"]
[Site "Kharkov UKR"]
[Date "2003.04.13"]
[Round "6"]
[White "Shalimov,V UKR"]
[Black "Mihalichenko,B"]
[Result "1-0"]
[WhiteElo "2456"]
[BlackElo "2276"]

1.d4 Nf6 2.Nf3 e6 3.c4 b6 4.a3 Bb7 5.Nc3 d5 6.Qa4+ c6 7.cxd5 exd5 8.Bg5 Be7
9.e3 O-O 10.Be2 Nbd7 11.O-O a5 12.Rfd1 b5 13.Qc2 a4 14.Bd3 h6 15.Bf4 Qb6
16.h3 Rfd8 17.Rdc1 Nf8 18.Ne2 Ne6 19.Be5 Nd7 20.Bh7+ Kh8 21.Bf5 c5 22.dxc5 Ndxc5
23.Ned4 Rac8 24.Bxe6 Nxe6 25.Qf5 Nxd4 26.Nxd4 f6 27.Qg6 Bf8 28.Nf5 Rd7 29.Rxc8 Bxc8
30.Rc1 Qd8 31.Bf4 Rb7 32.Nd4 Bd7 33.Qf7 Qe8 34.Qxe8 Bxe8 35.Rc8  1-0

[Event "ch-FAI"]
[Site "Torshavn FAI"]
[Date "2003.04.14"]
[Round "4"]
[White "Andreasen,J"]
[Black "Samuelsen,C"]
[Result "1/2-1/2"]
[WhiteElo "2106"]
[BlackElo "2142"]

1.Nf3 Nf6 2.d4 e6 3.c4 b6 4.a3 Bb7 5.Nc3 d6 6.Qc2 Nbd7 7.Bf4 Nh5 8.Bd2 Be7
9.e4 c5 10.Be2 cxd4 11.Nxd4 Nhf6 12.O-O a6 13.b4 Qc7 14.f4 Rc8 15.Qd3 O-O
16.Rac1 Rfd8 17.Qe3 Qb8 18.h3 Qa8 19.Bd3 Bf8 20.e5 Ne8 21.Rf2 g6 22.Ne4 dxe5
23.fxe5 Nxe5 24.Nf6+ Nxf6 25.Qxe5 Bg7 26.Rxf6 Qb8 27.Bf4 Qxe5 28.Bxe5 Bxf6
29.Bxf6 Rxd4 30.Bxd4 Rd8 31.Bxb6 Rxd3 32.c5 Bc6 33.h4 Rb3 34.Ba5 Kf8 35.Rd1 Bd5
36.Kf2 Ke8 37.Rd4 Kd7 38.g4 Rxa3 39.g5  1/2-1/2

[Event "Asian Teams"]
[Site "Jodhpur IND"]
[Date "2003.04.15"]
[Round "9"]
[White "Chan,Marc"]
[Black "Zhang Zhong"]
[Result "0-1"]
[WhiteElo "2253"]
[BlackElo "2666"]

1.d4 Nf6 2.Nf3 e6 3.c4 b6 4.a3 Ba6 5.Qc2 Bb7 6.Nc3 c5 7.e4 cxd4 8.Nxd4 Bc5
9.Nb3 Nc6 10.Bf4 e5 11.Bg5 h6 12.Bh4 O-O 13.f3 a5 14.Nd5 g5 15.Nxc5 bxc5
16.Bf2 Nd4 17.Bxd4 cxd4 18.Nxf6+ Qxf6 19.Bd3 a4 20.O-O Bc6 21.Rf2 Rab8 22.Rd1 Rb3
23.Rdd2 h5 24.Qc1 Rfb8 25.Qf1 Kf8 26.Qe2 Ke7 27.Kf1 Qf4 28.g3 Qe3 29.Qd1 g4
30.c5 Rxd3 31.Rxd3 Bb5 32.Rd2 gxf3 33.Qc2 Qxe4 34.Kf2 Bxd3  0-1

[Event "XXXIV Open"]
[Site "Mar del Plata ARG"]
[Date "2003.04.19"]
[Round "9"]
[White "Fiorito,F"]
[Black "Slipak,S"]
[Result "1-0"]
[WhiteElo "2397"]
[BlackElo "2502"]

1.c4 Nf6 2.Nf3 e6 3.d4 b6 4.a3 c5 5.d5 Ba6 6.Qc2 exd5 7.cxd5 g6 8.Nc3 Bg7
9.g3 O-O 10.Bg2 d6 11.O-O b5 12.Rd1 Re8 13.Bf1 b4 14.axb4 cxb4 15.Na4 Bb7
16.Bg5 Nbd7 17.Bg2 Rc8 18.Qd2 Qa5 19.Bh3 Ne4 20.Qf4 f5 21.Bh6 Qb5 22.Bxg7 Kxg7
23.Nd4 Qc4 24.b3 Qc7 25.Ne6+ Rxe6 26.dxe6 Ne5 27.Bg2 Qe7 28.Qe3 Bc6 29.f3 Nf6
30.Qd4 Qxe6 31.Qxd6 Nxf3+ 32.exf3 Qe3+ 33.Kh1 Ng4 34.Qd4+  1-0

[Event "7th Neckar Open"]
[Site "Deizisau GER"]
[Date "2003.04.20"]
[Round "7"]
[White "Burmakin,V"]
[Black "Polak,T"]
[Result "1/2-1/2"]
[WhiteElo "2569"]
[BlackElo "2463"]

1.d4 Nf6 2.Nf3 e6 3.c4 b6 4.a3 Bb7 5.Nc3 d5 6.cxd5 exd5 7.Bf4 Bd6 8.Bg3 a6
9.Qa4+ Nbd7 10.Bxd6 cxd6 11.Qb3 O-O 12.e3 Qe7 13.Bd3 Rfc8 14.O-O Rc7 15.Ng5 h6
16.Nh3 g5 17.Bf5 b5 18.a4 bxa4 19.Rxa4 Bc8 20.Ra5 Rb8 21.Nxd5 Nxd5 22.Qxd5 Rxb2
23.Qf3 Bb7 24.Qh5 Kg7 25.Qd1 Nf6 26.Qa1 Rd2 27.Qa3 Ne4 28.Qb4 Rdc2 29.d5 R2c4
30.Qb2+ Qf6 31.Qxf6+ Nxf6 32.Bd3 Rc3  1/2-1/2

[Event "Commonwealth Ch"]
[Site "Mumbai IND"]
[Date "2003.04.23"]
[Round "5"]
[White "Prakash,G"]
[Black "Prathamesh,S"]
[Result "1/2-1/2"]
[WhiteElo "2431"]
[BlackElo "2341"]

1.d4 Nf6 2.c4 e6 3.Nf3 b6 4.a3 Bb7 5.Nc3 d5 6.Bg5 Be7 7.Qa4+ c6 8.Bxf6 Bxf6
9.cxd5 exd5 10.g3 O-O 11.Bg2 c5 12.Rd1 Qe7 13.O-O Rd8 14.dxc5 bxc5 15.e4 Bxc3
16.bxc3 Nd7 17.exd5 Nb6 18.Qb5 Bxd5 19.Rfe1 Qf6 20.Ne5 Bxg2 21.Rxd8+ Qxd8
22.Kxg2 Qd5+ 23.Nf3 h6 24.Re5 Qc4 25.Qxc5 Rc8 26.Qe3 Qxc3 27.Re8+ Kh7 28.Qe4+ g6
29.h4 Rxe8 30.Qxe8 Kg7 31.Ne5 Qc7 32.Kh2 Nd5 33.Kg2 Nf6 34.Qb5 a6 35.Qb2 Kh7
36.Qd4 h5 37.a4 a5 38.Kg1 Qb7 39.Qc4 Kg7 40.Qd4 Qb1+ 41.Kg2 Qf5 42.Nc4 Qe4+
43.Qxe4 Nxe4 44.Kf3 Nc5 45.Nxa5  1/2-1/2

[Event "Commonwealth Ch"]
[Site "Mumbai IND"]
[Date "2003.04.23"]
[Round "6"]
[White "Ravi,L"]
[Black "Prathamesh,S"]
[Result "0-1"]
[WhiteElo "2427"]
[BlackElo "2341"]

1.d4 Nf6 2.c4 e6 3.Nf3 b6 4.a3 Ba6 5.Qa4 Bb7 6.Bf4 Be7 7.Nc3 O-O 8.e3 c5
9.dxc5 bxc5 10.Rd1 d6 11.Bd3 Qb6 12.Qc2 Rd8 13.O-O Nbd7 14.Bg5 h6 15.Bh4 Bc6
16.Nd2 Rab8 17.Rb1 Qb7 18.f3 Ne5 19.Be2 Nfg4 20.Bf2 Nxf2 21.Rxf2 d5 22.f4 Ng6
23.Bd3 d4 24.exd4 cxd4 25.Ne2 Nh4 26.g3 Nf5 27.h3 Ne3 28.Qc1 f5 29.b4 Be4
30.Rb3 a5 31.c5 Rbc8 32.Qb1 a4 33.Rb2 Bxd3 34.Qxd3 Bxc5 35.Rb1 Ba7 36.Kh2 Qd5
37.Nf3 Qe4 38.Qa6 Qxb1 39.Qxa7 Nf1+ 40.Kg2 Ne3+ 41.Kh2 d3 42.Qxe3 dxe2 43.Qxe6+ Kh8
44.Rxe2 Rc2 45.g4 fxg4 46.hxg4 Rxe2+ 47.Qxe2 Qd3 48.Qe7 Rc8 49.Kg3 Rc3 50.Qb7 Rxa3
51.b5 Rb3 52.b6 a3 53.Qc6 a2 54.Kh2 Qe2+ 55.Kg3 Rxf3+  0-1

[Event "St Petersburg vs. Moscow"]
[Site "St Petersburg RUS"]
[Date "2003.05.05"]
[Round "2"]
[White "Riazantsev,A"]
[Black "Ionov,S"]
[Result "1/2-1/2"]
[WhiteElo "2534"]
[BlackElo "2541"]

1.d4 Nf6 2.c4 e6 3.Nf3 b6 4.a3 Ba6 5.Qc2 Bb7 6.Nc3 c5 7.e4 cxd4 8.Nxd4 Bc5
9.Nb3 Nc6 10.Bd3 d6 11.O-O h6 12.Kh1 O-O 13.f4 Ng4 14.Nxc5 dxc5 15.Be2 Nd4
16.Qd1 Nxe2 17.Qxe2 Qh4 18.h3 Nf6 19.Kh2 Rfd8  1/2-1/2

[Event "St Petersburg vs. Moscow"]
[Site "St Petersburg RUS"]
[Date "2003.05.05"]
[Round "2"]
[White "Umanskaya,I"]
[Black "Rakitskaja,M"]
[Result "1/2-1/2"]
[WhiteElo "2310"]
[BlackElo "2122"]

1.d4 Nf6 2.Nf3 e6 3.c4 b6 4.a3 Bb7 5.Nc3 d5 6.Qc2 c5 7.cxd5 exd5 8.Bf4 Bd6
9.Bxd6 Qxd6 10.e3 O-O 11.Be2 Nbd7 12.dxc5 bxc5 13.O-O Rac8 14.Rfd1 Qe7 15.Rd2 Rfd8
16.Rad1 Nb6 17.Qf5 h6 18.h3 g6 19.Qe5 Re8 20.Qxe7 Rxe7 21.Bf1 Kg7 22.Nh2 h5
23.Nf3 Ne4 24.Nxe4 dxe4 25.Ne1 c4 26.Rc1 Rec7 27.Rdc2 Bd5 28.f3 Na4 29.fxe4 Bxe4
30.Rxc4 Rxc4 31.Rxc4 Rxc4 32.Bxc4 Nxb2 33.Bb3 a5 34.Kf2 a4 35.Bc2 Bxc2 36.Nxc2 Kf6
37.Ke2 Ke5 38.Kd2 Ke4 39.Kc3 Nd1+ 40.Kb4 Nb2 41.Kc3 Nd1+ 42.Kd2 Nb2 43.Kc3  1/2-1/2

[Event "Capablanca Mem Premier II"]
[Site "Havana CUB"]
[Date "2003.05.08"]
[Round "3"]
[White "Galego,L"]
[Black "Zambrana,O"]
[Result "1/2-1/2"]
[WhiteElo "2506"]
[BlackElo "2403"]

1.d4 Nf6 2.Nf3 e6 3.c4 b6 4.a3 Be7 5.Nc3 Bb7 6.g3 d5 7.cxd5 exd5 8.Bg2 O-O
9.Ne5 Nbd7 10.O-O c5 11.Bg5 h6 12.Bf4 Rc8 13.dxc5 Nxc5 14.Nb5 Qe8 15.Nd4 Bd6
16.Ng4 Qd8 17.Bxd6 Qxd6 18.Nxf6+ Qxf6 19.b4 Ne4 20.e3 Rc4 21.Qa4 a6 22.Qd7 Nd6
23.Nf5 Qxf5 24.Qxd6 Qe6 25.Qxe6 fxe6 26.Ra2 Rfc8 27.h4 Rc2 28.Rfa1 Kf7 29.Bf3 Kf6
30.Kg2 R8c4 31.g4 Bc6 32.Kg3 R4c3 33.Rxc2 Rxc2 34.Bg2 Rc3 35.Bf1 Bb5 36.Bxb5 axb5
37.Kf3 e5 38.Ra2 g6 39.Ra1 e4+ 40.Kg2 Rc4 41.Ra2 Ke5 42.Ra1 d4 43.exd4+ Rxd4
44.g5 hxg5 45.hxg5 Kf4 46.Rc1 Kxg5 47.Rc6 Rd2 48.Rxb6 e3 49.Kf3 exf2 50.Rxb5+ Kf6
51.Kg2 g5 52.Rb8 Ke6 53.Rf8 Ra2  1/2-1/2

[Event "Capablanca Mem Premier I"]
[Site "Havana CUB"]
[Date "2003.05.10"]
[Round "5"]
[White "Vilela,JL"]
[Black "Mateo,Ra"]
[Result "1/2-1/2"]
[WhiteElo "2390"]
[BlackElo "2444"]

1.d4 Nf6 2.c4 e6 3.Nf3 b6 4.a3 Ba6 5.Qc2 b5 6.cxb5 Bxb5 7.Nc3 Ba6 8.g3 c5
9.Bg2 Bb7 10.dxc5 Bxc5 11.O-O Nc6 12.Bg5 Rc8 13.Rad1 Ne7 14.Ne5 Nfd5 15.Nxd5 Bxd5
16.e4 Bb6 17.Qe2 Bc6 18.Nxc6 Rxc6 19.e5 Rc7 20.Rd2 h6 21.Be3 Bxe3 22.Qxe3 O-O
23.Rfd1 Qc8 24.Be4 Rd8 25.Kg2 Kf8 26.h4 Kg8 27.Kh2 Kf8 28.h5 Qa6 29.Qd4 Rc4
30.Qd3 Qc8 31.Qe3 Qc7 32.f4 Nc8 33.Bd3 Rc1  1/2-1/2

[Event "FSGM May"]
[Site "Budapest HUN"]
[Date "2003.05.15"]
[Round "13"]
[White "Szeberenyi,A"]
[Black "Chernyshov,K"]
[Result "0-1"]
[WhiteElo "2401"]
[BlackElo "2524"]

1.d4 Nf6 2.c4 e6 3.Nf3 b6 4.a3 Bb7 5.Nc3 Ne4 6.Nxe4 Bxe4 7.Bf4 Bxf3 8.exf3 Be7
9.Bd3 Bf6 10.O-O c6 11.Bc2 O-O 12.Qd3 g6 13.Bd6 Be7 14.Bxe7 Qxe7 15.d5 a5
16.Rad1 exd5 17.cxd5 Na6 18.dxc6 dxc6 19.Qd6 Qxd6 20.Rxd6 Rac8 21.Be4 Nb8
22.Rfd1 Rfe8 23.g3 Kf8 24.b4 axb4 25.axb4 Ke7 26.b5 Red8 27.Rxd8 Rxd8 28.Re1 Kd6
29.Rd1+ Kc7 30.Ra1 Rd7 31.bxc6 Nxc6 32.Rc1 Rd6 33.f4 b5 34.f5 g5 35.h4 h6
36.hxg5 hxg5 37.g4 Kb6 38.f4 gxf4 39.g5 Ne5 40.Rf1 b4 41.Rxf4 Kc5 42.Rf2 b3
43.Rg2 Rd4 44.g6 Rxe4 45.g7 Ng4 46.Re2 b2 47.Rc2+ Kd5 48.Rd2+ Ke5 49.Rxb2 Nh6
50.Rb5+ Kf6  0-1

[Event "Capablanca Mem Premier II"]
[Site "Havana CUB"]
[Date "2003.05.16"]
[Round "11"]
[White "Handke,F"]
[Black "Zambrana,O"]
[Result "1-0"]
[WhiteElo "2506"]
[BlackElo "2403"]

1.d4 Nf6 2.c4 e6 3.Nf3 b6 4.a3 c5 5.d5 d6 6.Nc3 e5 7.e4 g6 8.Be2 Bg7 9.Be3 O-O
10.Nd2 a6 11.g4 Nxg4 12.Bxg4 f5 13.exf5 gxf5 14.Bh3 f4 15.Bxc8 Qxc8 16.Nde4 fxe3
17.fxe3 Qh3 18.Qe2 b5 19.Kd2 b4 20.axb4 Nd7 21.b5 axb5 22.Nxb5 Rxa1 23.Rxa1 Bh6
24.Rg1+ Kh8 25.Rg3 Qh4 26.Qg2 Nf6 27.Rh3 Qg4 28.Qxg4 Nxg4 29.Ke2 Bg7 30.Rf3 Rd8
31.Rf7 Kg8 32.Rc7  1-0

[Event "53rd ch-HUN"]
[Site "Heviz HUN"]
[Date "2003.05.19"]
[Round "8"]
[White "Varga,Zo"]
[Black "Sax,G"]
[Result "1/2-1/2"]
[WhiteElo "2533"]
[BlackElo "2511"]

1.d4 Nf6 2.c4 e6 3.Nf3 b6 4.a3 Bb7 5.Nc3 d5 6.Bg5 Be7 7.Bxf6 Bxf6 8.cxd5 exd5
9.Qa4+ c6 10.g3 O-O 11.Bg2 Qe7 12.O-O Rd8 13.Rfe1 c5 14.Rad1 Na6 15.e3 Nc7
16.h4 Ne6 17.Rd2 a6 18.Qb3 h5  1/2-1/2

[Event "TCh-Serbia & Montenegro"]
[Site "Budva YUG"]
[Date "2003.05.23"]
[Round "6"]
[White "Tosic,M"]
[Black "Zivanic,M"]
[Result "0-1"]
[WhiteElo "2461"]
[BlackElo "2414"]

1.d4 Nf6 2.c4 e6 3.Nf3 b6 4.a3 Ba6 5.Nbd2 c5 6.e4 cxd4 7.Nxd4 Bc5 8.N4b3 Nc6
9.Be2 O-O 10.O-O d5 11.Nxc5 bxc5 12.exd5 exd5 13.b4 dxc4 14.Nxc4 Re8 15.Be3 Nd5
16.Qb3 Nxe3 17.fxe3 Nd4 18.exd4 Rxe2 19.Ne5 Qxd4+ 20.Kh1 Rf8 21.Nxf7 Rf2
22.Rfd1 c4 23.Qf3 Rxf3  0-1

[Event "28th Elekes Mem IM"]
[Site "Budapest HUN"]
[Date "2003.05.24"]
[Round "8"]
[White "Lorincz,I"]
[Black "Roberts,P"]
[Result "1/2-1/2"]
[WhiteElo "2314"]
[BlackElo "2211"]

1.d4 Nf6 2.Nf3 e6 3.c4 b6 4.a3 Bb7 5.Nc3 d5 6.Bg5 Be7 7.Rc1 O-O 8.Bxf6 Bxf6
9.cxd5 exd5 10.e3 c5 11.Be2 Re8 12.O-O Nc6 13.dxc5 d4 14.exd4 Nxd4 15.Nxd4 Bxd4
16.cxb6 Qxb6 17.Na4 Qf6 18.Bf3 Bxf3 19.Qxf3 Qxf3 20.gxf3 Re2 21.Rc4 Bxb2  1/2-1/2

[Event "TCh-NOR"]
[Site "Asker NOR"]
[Date "2003.05.30"]
[Round "3"]
[White "Tallaksen,G"]
[Black "Romsdal,T"]
[Result "1-0"]
[WhiteElo "2285"]
[BlackElo "2207"]

1.d4 Nf6 2.c4 e6 3.Nf3 b6 4.a3 Bb7 5.Nc3 Be7 6.d5 O-O 7.e4 d6 8.Be2 Re8 9.O-O Nbd7
10.Nd4 Nc5 11.Qc2 a5 12.b3 Nfd7 13.Bb2 Bf6 14.Ncb5 Ne5 15.b4 axb4 16.axb4 Na6
17.Qd2 Qd7 18.Ra2 c5 19.dxc6 Nxc6 20.Nxc6 Bxc6 21.Nxd6 Bxb2 22.Rxb2 Red8
23.e5 Nc7 24.b5 Bb7 25.Rd1 Qe7 26.Qe3 Rab8 27.Rbd2 Ba8 28.Bf3 Bxf3 29.Qxf3 h6
30.g3 Ne8 31.Nxe8 Qxe8 32.Rxd8 Rxd8 33.Rd6 Rc8 34.Qd3 Rb8 35.Qd4 Qc8 36.Rxb6 Rxb6
37.Qxb6 Qxc4 38.Qc6 Qe2 39.Qe8+ Kh7 40.Qxf7 Qe1+ 41.Kg2 Qxe5 42.b6 Qe4+ 43.Qf3 Qb1
44.Qc6 Qb3 45.b7 Qb1 46.h4 Qb4 47.Qc2+  1-0

[Event "IEWCC"]
[Site "Istanbul TUR"]
[Date "2003.06.03"]
[Round "2"]
[White "Cmilyte,V"]
[Black "Javakhishvili,L"]
[Result "1/2-1/2"]
[WhiteElo "2430"]
[BlackElo "2336"]

1.d4 Nf6 2.c4 e6 3.Nf3 b6 4.a3 Bb7 5.Nc3 d5 6.cxd5 exd5 7.g3 Be7 8.Bh3 O-O
9.O-O Nbd7 10.Be3 a6 11.b4 Bd6 12.Qb3 Qe7 13.Nh4 g6 14.Bg5 Rfd8 15.Rfe1 Nf8
16.Rad1 a5 17.e4 dxe4 18.d5 h6 19.Rxe4 hxg5 20.Rxe7 Bxe7 21.Nf3 axb4 22.axb4 N8h7
23.Bg2 g4 24.Nd4 Rd7 25.h3 Rad8 26.Ndb5 Ng5 27.hxg4 Nxg4 28.f4 Nh7 29.d6 cxd6
30.Nd5 Bxd5 31.Bxd5 Bf8 32.Be6 fxe6 33.Qxe6+ Kg7 34.Qxg4 Nf6 35.Qf3 d5 36.Qc3 Kf7
37.Nd4 Ne4 38.Qb3 Rc8 39.Nb5 Nf6 40.Nc3 Rcd8 41.g4 Nxg4 42.Rxd5 Kg7 43.Rxd7+ Rxd7
44.Qe6 Nf6 45.Qxb6 Bd6 46.Ne2 Be7 47.Kg2 Rd2 48.Kf1 Nd5 49.Qa7 Rd1+ 50.Kg2 Kh6
51.b5 Bd6 52.Kf3 Nxf4 53.Nxf4 Rf1+ 54.Ke2 Rxf4 55.b6 Rb4 56.Qa5 Rb2+ 57.Kd3  1/2-1/2

[Event "FSIM June"]
[Site "Budapest HUN"]
[Date "2003.06.07"]
[Round "1"]
[White "Broomfield,M"]
[Black "Werner,Da"]
[Result "1-0"]
[WhiteElo "2255"]
[BlackElo "2184"]

1.d4 Nf6 2.Nf3 e6 3.c4 b6 4.a3 Bb7 5.Nc3 Be7 6.d5 exd5 7.cxd5 O-O 8.e4 Re8
9.Bd3 c6 10.O-O d6 11.Nd4 cxd5 12.exd5 Nbd7 13.Bf4 Rc8 14.Nf5 Ne5 15.Bxe5 dxe5
16.Bb5 Nxd5 17.Bxe8 Nxc3 18.Qxd8 Ne2+ 19.Kh1 Bxd8 20.Nd6 Rc7  1-0